[Event "Elitserien Allsvenskan 2018-19"]
[Site "Sweden"]
[Date "2018.11.11"]
[Round "3"]
[White "Bengtsson, Jonas"]
[Black "Carlsson, Andreas"]
[Result "1-0"]
[WhiteElo "2107"]
[BlackElo "2028"]
[Annotator "NA"]
[PlyCount "123"]
[EventDate "2018.11.09"]
[EventType "team-tourn"]
[EventCountry "SWE"]
[SourceTitle "playchess.com"]
[Source "ChessBase"]
[SourceQuality "1"]
[TimeControl "40/5400+30:1800+30"]

1. d4 {[%emt 0:00:00]} e6 {[%emt 0:00:00]} 2. c4 {[%emt 0:00:00]} f5 {[%emt 0:00:00]} 3. g3 {[%emt 0:00:00]} Nf6 {[%emt 0:00:04]} 4. Bg2 {[%emt 0:00:00]} d5 {[%emt 0:00:16]} 5. Nh3 {[%emt 0:00:36]} c6 {[%emt 0:00:27]} 6. Qc2 {[%emt 0:02:28]} Bd6 {[%emt 0:00:34]} 7. O-O {[%emt 0:00:15]} O-O {[%emt 0:00:14]} 8. Bf4 {[%emt 0:00:10]} b6 {[%emt 0:00:52]} 9. Nd2 {[%emt 0:02:42]} Bb7 {[%emt 0:04:22]} 10. Nf3 {[%emt 0:01:27]} Qe7 {[%emt 0:01:53]} 11. Bxd6 {[%emt 0:01:06]} Qxd6 {[%emt 0:00:08]} 12. Nf4 {[%emt 0:00:14]} Ne4 {[%emt 0:00:34]} 13. Ne5 {[%emt 0:02:40]} Nd7 {[%emt 0:05:27]} 14. Nfd3 {[%emt 0:11:11]} c5 {[%emt 0:05:05]} 15. Nxd7 {[%emt 0:07:39]} Qxd7 {[%emt 0:00:10]} 16. dxc5 {[%emt 0:00:12]} Rfc8 {[%emt 0:01:35]} 17. cxd5 {[%emt 0:01:02]} Bxd5 {[%emt 0:04:07]} 18. b4 {[%emt 0:01:01]} bxc5 {[%emt 0:00:23]} 19. bxc5 {[%emt 0:01:48]} Qc6 {[%emt 0:08:16]} 20. Rac1 {[%emt 0:01:42]} Rab8 {[%emt 0:01:31]} 21. Nf4 {[%emt 0:10:58]} Rb5 {[%emt 0:05:41]} 22. Nxd5 {[%emt 0:00:11]} exd5 {[%emt 0:00:51]} 23. Qd3 {[%emt 0:03:20]} Rxc5 {[%emt 0:00:28]} 24. Rxc5 {[%emt 0:00:49]} Qxc5 {[%emt 0:00:08]} 25. e3 {[%emt 0:00:14]} Qc4 {[%emt 0:01:48]} 26. Bxe4 {[%emt 0:05:20]} dxe4 {[%emt 0:02:34]} 27. Qd7 {[%emt 0:00:22]} Qc5 {[%emt 0:01:48]} 28. Rd1 {[%emt 0:00:15]} Rf8 {[%emt 0:16:07]} 29. Qe6+ {[%emt 0:03:21]} Kh8 {[%emt 0:00:09]} 30. Rd7 {[%emt 0:00:19]} h6 {[%emt 0:02:26]} 31. h4 {[%emt 0:02:19]} a5 {[%emt 0:04:12]} 32. Kg2 {[%emt 0:05:14]} a4 {[%emt 0:04:24]} 33. Qd5 {[%emt 0:09:25]} Qc3 {[%emt 0:03:48]} 34. h5 {[%emt 0:00:36]} Kh7 {[%emt 0:09:17]} 35. Ra7 {[%emt 0:05:04]} Qf6 {[%emt 0:00:51]} 36. Rxa4 {[%emt 0:04:08]} Rd8 {[%emt 0:00:59]} 37. Qc5 {[%emt 0:01:03]} Rf8 {[%emt 0:04:43]} 38. Rd4 {[%emt 0:01:41]} Rf7 {[%emt 0:00:27]} 39. a4 {[%emt 0:03:07]} Qg5 {[%emt 0:00:08]} 40. a5 {[%emt 0:00:19]} Qg4 {[%emt 0:00:36]} 41. a6 {[%emt 0:34:05]} Qf3+ {[%emt 0:30:34]} 42. Kg1 {[%emt 0:00:15]} f4 {[%emt 0:03:17]} 43. gxf4 {[%emt 0:05:12]} Qg4+ {[%emt 0:00:19]} 44. Kf1 {[%emt 0:00:08]} Rf5 {[%emt 0:01:04]} 45. Rd5 {[%emt 0:01:21]} Rf6 {[%emt 0:08:36]} 46. Rd6 {[%emt 0:06:17]} Rf5 {[%emt 0:00:00]} 47. Qd4 {[%emt 0:00:00]} Qh3+ {[%emt 0:00:00]} 48. Ke1 {[%emt 0:00:00]} Qh1+ {[%emt 0:00:00]} 49. Kd2 {[%emt 0:00:00]} Qg2 {[%emt 0:00:00]} 50. Kc3 {[%emt 0:00:00]} Rxh5 {[%emt 0:00:00]} 51. Kb4 {[%emt 0:00:00]} Rh1 {[%emt 0:00:00]} 52. a7 {[%emt 0:00:00]} Rb1+ {[%emt 0:00:00]} 53. Kc5 {[%emt 0:00:00]} Rc1+ {[%emt 0:00:00]} 54. Kb6 {[%emt 0:00:00]} Rb1+ {[%emt 0:00:00]} 55. Kc7 {[%emt 0:00:00]} Rc1+ {[%emt 0:00:00]} 56. Kb7 {[%emt 0:00:00]} Rb1+ {[%emt 0:00:00]} 57. Rb6 {[%emt 0:00:00]} Rxb6+ {[%emt 0:00:00]} 58. Qxb6 {[%emt 0:00:00]} h5 {[%emt 0:00:00]} 59. a8=Q {[%emt 0:00:00]} h4 {[%emt 0:00:00]} 60. Qd4 {[%emt 0:00:00]} h3 {[%emt 0:00:00]} 61. Kb8 {[%emt 0:00:00]} h2 {[%emt 0:00:00]} 62. Qaxe4+ {[%emt 0:00:00]} 1-0

[Event "Elitserien Allsvenskan 2018-19"]
[Site "Sweden"]
[Date "2018.11.11"]
[Round "3"]
[White "Bjorkeroth, Johan"]
[Black "Bergstrom, Peter"]
[Result "0-1"]
[WhiteElo "2104"]
[BlackElo "2297"]
[Annotator "TA"]
[PlyCount "96"]
[EventDate "2018.11.09"]
[EventType "team-tourn"]
[EventCountry "SWE"]
[SourceTitle "playchess.com"]
[Source "ChessBase"]
[SourceQuality "1"]

{[%evp 20,96,-22,-39,0,0,0,0,0,0,39,0,0,4,8,0,13,0,0,-34,-16,-23,-6,-102,0,-10,57,42,64,62,132,134,101,0,0,17,29,0,0,-77,0,-64,-79,-140,-123,-196,-70,-363,-285,-357,-358,-354,-340,-341,-258,-375,-246,-451,-442,-900,-895,-881,-554,-29963,-6099,-5824,-5716,-29989,-29990,-29996,-29994,-29994,-29995,-29995,-29994,-29994,-29995,-29995,-29993]} 1. e4 c6 2. d4 d5 3. e5 Bf5 4. Nc3 e6 5. g4 Bg6 6. Nge2 c5 7. h4 h5 8. Nf4 Bh7 9. Nxh5 Nc6 {B12: Caro-Kann (Vorstoß-Variante)} 10. dxc5 Bxc5 11. Bb5 {LiveBook: 28 Partien} Kf8 {Schwarz steht etwas besser.} (11... Qc7 {with more complications.} 12. O-O Bg6 13. Nf4 Qxe5 14. h5 Be4) (11... Qc7 12. Qf3 O-O-O 13. Bxc6 Qxc6 14. Nxg7 {½-½ (14) Papenin,N (2733)-Von Weizsaecker,R (2591) ICCF email 2011}) 12. Bxc6 bxc6 13. Na4 Be7 14. c3 $146 ({Vorgänger:} 14. Be3 Qa5+ 15. c3 c5 16. O-O Qb5 17. c4 dxc4 {1-0 (31) Le Page,C (2352)-Cortes Olivares,R (2442) ICCF email 2012}) 14... Rb8 15. Be3 Qc7 $1 16. Nc5 {Und Sa6 würde nun gewinnen.} Rxb2 {Und weiter mit ...Tb5 wäre nett.} 17. Qf3 Qc8 {...Tb5 ist eine echte Drohung.} 18. Nf4 $36 {[%mdl 2048] Weiss hat gut koordiniertes Spiel.} Ke8 19. Nh5 Bf8 {Droht ...Tb5 und aus.} 20. O-O Rb5 21. c4 (21. Nb3 $11 {hält das Gleichgewicht.}) 21... dxc4 (21... Rxc5 $17 22. Bxc5 Bxc5 23. cxd5 exd5) 22. Rfd1 $11 {Schwarz muss nun Td7 beachten.} Bg6 ({Nur nicht} 22... Bxc5 $2 23. Nxg7+ Ke7 24. Bg5+ f6 25. Bxf6+ Kf7 26. Rd8 $18) (22... Rxc5 $11 23. Bxc5 Bxc5 24. Nxg7+ Ke7) 23. Ne4 $14 Bxe4 24. Qxe4 g6 {[#]} (24... Ne7 $14) 25. Bg5 $1 $16 {jetzt Dxc6+! und aus.} Be7 26. Bxe7 (26. Nf6+ $16 Nxf6 27. exf6) 26... Nxe7 $11 27. Nf6+ Kf8 28. h5 gxh5 29. Nxh5 (29. gxh5 $11 c3 30. Nd7+ Ke8 31. a4 (31. Nf6+ Kf8 $11)) 29... Nd5 (29... c3 $17 {zielt auf ...Sd5 ab.} 30. a4 Rb7) 30. Rac1 (30. Qxc4 $11 Qb7 31. Rac1) 30... c3 $15 31. a3 ({Besser ist} 31. Nf6) 31... Qc7 $17 32. Qd4 {[#]} (32. Kg2 $17 {kämpft weiter.}) 32... Qb6 (32... Qe7 $1 $19 {[%cal Re7g5]} 33. Rxc3 Rxh5 34. gxh5 Nxc3 35. Qxc3 Qg5+ 36. Qg3 Rxe5 37. Rd8+ Ke7) 33. Qd3 $2 {[%mdl 8192]} ({Lieber} 33. Nf6 $15 Qxd4 34. Rxd4) 33... Rb2 $19 34. Rc2 Rxc2 35. Qxc2 Rg8 36. Qe4 Qb3 37. Qd4 (37. Rf1 {war nötig.}) 37... c2 38. Qc5+ $2 (38. Rc1 Qf3 39. Qc5+ Ne7 40. Rxc2 Rxg4+ 41. Ng3) 38... Ke8 39. Nf6+ (39. Ng7+ $142 Rxg7 40. Qxc6+ Kd8 41. Qa8+ Kc7 42. Qxa7+ Qb7 43. Qxb7+ Kxb7 44. Rc1) 39... Nxf6 40. Qxc6+ Kf8 41. Qc5+ Kg7 42. exf6+ Kxf6 {[%mdl 4096] Endspiel KDT-KDT} 43. Rd7 Rxg4+ {Schwarz setzt Matt.} 44. Kh2 Qf3 {[%csl Gg4][%cal Rf3g2]} 45. Rxf7+ Kxf7 {[%csl Gg4][%cal Rf3g2]} 46. Qh5+ Kg7 {[%csl Gg4][%cal Rf3g2]} 47. Qe5+ Qf6 48. Qc7+ Qf7 {Precision: Weiß = 31%, Schwarz = 59%.} 0-1

[Event "Elitserien Allsvenskan 2018-19"]
[Site "Sweden"]
[Date "2019.02.02"]
[Round "5"]
[White "Hillarp Persson, Tiger"]
[Black "Hansen, Mads"]
[Result "1-0"]
[WhiteElo "2558"]
[BlackElo "2409"]
[Annotator "TA"]
[PlyCount "75"]
[EventDate "2018.11.09"]
[EventType "team-tourn"]
[EventCountry "SWE"]
[SourceTitle "playchess.com"]
[Source "ChessBase"]
[SourceQuality "1"]

{[%evp 17,75,27,34,16,15,9,30,24,38,21,58,62,57,46,47,40,61,60,63,69,79,65,110,105,105,103,99,107,113,108,192,118,173,168,286,266,242,146,280,287,289,298,285,285,356,250,286,277,348,345,442,441,413,405,836,815,1400,1020,959,950]} 1. Nf3 Nf6 2. g3 d5 3. Bg2 c6 4. c4 dxc4 5. O-O Nbd7 6. Qc2 Nb6 7. Na3 g6 {A11: English Opening: 1...c6} 8. Nxc4 Nxc4 9. Qxc4 Bg7 {LiveBook: 48 Games. White has an edge.} 10. b3 (10. e4 {with more complications.} O-O 11. d3 Re8 12. h3 e5 13. Be3) (10. Re1 O-O 11. d4 Ne4 12. Bf4 Be6 13. Qc2 f5 14. e3 Bd5 15. Ne5 {½-½ (50) Nepomniachtchi,I (2768)-Kobalia,M (2619) Satka 2018}) 10... O-O $146 ({Predecessor:} 10... Ne4 11. d4 Nd6 12. Qc5 Qb6 13. Ba3 Qxc5 14. Bxc5 O-O 15. e3 {1-0 (43) Schade,D (2489)-Halldorsson,J (2477) ICCF email 2013}) 11. Bb2 Bf5 12. d3 Rc8 13. b4 a5 14. bxa5 Qxa5 15. a4 Ne8 16. Bxg7 Kxg7 17. Nd4 Nd6 18. Qc2 Kg8 19. Rfc1 c5 20. Nxf5 gxf5 21. Qb2 Rc7 22. Qe5 Ra8 23. Qf4 Rac8 {[#]} (23... Kh8 $16 24. Bd5 Rac8) 24. Bd5 ({White should try} 24. e4 $1 $18) 24... Rd7 (24... Qb4 $16 {was called for.}) 25. e4 $18 {[%cal Be2e4,Be4e5][%mdl 32]} e6 (25... Qb4 $142) 26. Qg5+ Kf8 27. e5 {Strongly threatening Qh6+.} Ne8 {[#]} (27... exd5 $16 28. exd6 Rxd6) 28. Qh6+ $1 Ke7 29. Bc4 Rd4 30. Qxh7 Rg4 31. Qh6 Qc7 32. Rab1 Rb8 33. Qe3 Ng7 34. Rb5 Rd4 35. Bb3 {And now Qxd4! would win.} Rbd8 (35... Qd7 $142 36. Qh6 Ne8) 36. Rbxc5 {White is clearly winning.} Qb6 37. Rb5 f4 38. Qf3 {Precision: White = 69%, Black = 27%.} 1-0

[Event "Elitserien Allsvenskan 2018-19"]
[Site "Sweden"]
[Date "2019.02.02"]
[Round "5"]
[White "Jepson, Christian"]
[Black "Antonsen, Mikkel"]
[Result "1/2-1/2"]
[WhiteElo "2389"]
[BlackElo "2428"]
[Annotator "NA RC"]
[PlyCount "84"]
[EventDate "2018.11.09"]
[EventType "team-tourn"]
[EventCountry "SWE"]
[SourceTitle "playchess.com"]
[Source "ChessBase"]
[SourceQuality "1"]
[TimeControl "40/5400+30:1800+30"]

{[%evp 8,64,16,0,15,23,38,19,20,19,16,32767,20,8,28,17,23,0,18,32767,18,15,32767,21,9,12,32767,32767,32767,32767,0,32767,30,37,32,8,31,-13,-8,0,0,-18,-8,32767,0,-10,0,32767,-8,32767,-26,32767,0,-62,-54,32767,-20,-18,0]} 1. Nf3 {[%emt 0:00:00]} d5 {[%emt 0:00:55]} 2. d4 {[%emt 0:01:55]} Nf6 {[%emt 0:00:12]} 3. c4 {[%emt 0:00:17]} e6 {[%emt 0:00:19]} 4. g3 {[%emt 0:00:42]} Be7 {[%emt 0:02:03]} 5. Bg2 {[%emt 0:05:01]} O-O {[%emt 0:00:08]} 6. O-O {[%emt 0:00:12]} dxc4 {[%emt 0:00:09]} 7. Qc2 {[%emt 0:05:16]} a6 {[%emt 0:00:29]} 8. a4 {[%emt 0:00:19]} Bd7 {[%emt 0:00:11]} 9. Qxc4 {[%emt 0:00:13]} Bc6 {[%emt 0:00:09]} 10. Bg5 {[%emt 0:00:18]} Bd5 {[%emt 0:03:58]} 11. Qd3 {[%emt 0:03:43]} Be4 {[%emt 0:01:13]} 12. Qe3 {[%emt 0:01:43]} Nbd7 {[%emt 0:09:31]} 13. Nc3 {[%emt 0:01:22]} Bc6 {[%emt 0:00:33]} 14. Qd3 {[%emt 0:04:01]} h6 {[%emt 0:09:44]} 15. Bf4 {[%emt 0:03:25]} (15. Bxf6 $5 Nxf6 16. Rfc1 $11) 15... Bb4 {[%emt 0:04:02]} 16. Rfd1 {[%emt 0:10:00]} Rc8 {[%emt 0:01:30]} 17. Ne5 {[%emt 0:05:56]} Bxg2 {[%emt 0:01:14]} 18. Kxg2 {[%emt 0:00:33]} Nxe5 {[%emt 0:05:30]} 19. Bxe5 {[%emt 0:10:38]} Qe7 {[%emt 0:07:42]} 20. Qf3 {[%emt 0:03:40]} c6 {[%emt 0:00:45]} 21. Na2 {[%emt 0:15:51]} (21. Bxf6 $5 Qxf6 22. Qxf6 gxf6 23. Ne4 $11) 21... Bd6 {[%emt 0:06:14]} 22. Nc1 {[%emt 0:12:04]} (22. Bxf6 $5 Qxf6 23. Qxf6 gxf6 24. Nc1 $11) 22... Bxe5 {[%emt 0:02:07]} 23. dxe5 {[%emt 0:02:15]} Nd5 {[%emt 0:00:09]} 24. Nd3 {[%emt 0:02:41]} Rfd8 {[%emt 0:02:18]} 25. Rac1 {[%emt 0:00:52]} Qc7 {[%emt 0:06:23]} 26. Qe4 {[%emt 0:01:26]} Qb6 {[%emt 0:00:15]} 27. Qc4 {[%emt 0:03:50]} c5 {[%emt 0:05:43]} 28. Kg1 {[%emt 0:00:06]} Ne7 {[%emt 0:00:30]} 29. e3 {[%emt 0:03:06]} Ng6 {[%emt 0:08:04]} 30. Qc3 {[%emt 0:01:56]} Qc6 {[%emt 0:00:46]} 31. a5 {[%emt 0:01:36]} Qf3 {[%emt 0:06:23]} 32. Rd2 {[%emt 0:00:12]} Qg4 $11 {[%emt 0:01:06]} 33. f4 {[%emt 0:00:39]} Nh4 {[%emt 0:03:03]} 34. Ne1 {[%emt 0:00:18]} Nf5 {[%emt 0:00:59]} 35. Rcc2 {[%emt 0:00:47]} h5 {[%emt 0:00:44]} 36. Rxd8+ {[%emt 0:00:31]} Rxd8 {[%emt 0:00:04]} 37. Rd2 {[%emt 0:00:02]} Rxd2 {[%emt 0:00:49]} 38. Qxd2 {[%emt 0:00:03]} h4 {[%emt 0:00:04]} 39. Qd8+ {[%emt 0:01:28]} Kh7 {[%emt 0:00:08]} 40. e4 {[%emt 0:00:14]} Qe2 {[%emt 0:05:34]} 41. exf5 {[%emt 0:02:57]} Qxe1+ {[%emt 0:01:10]} 42. Kg2 {[%emt 0:00:08]} Qe2+ {[%emt 0:07:34]} 1/2-1/2

[Event "Elitserien Allsvenskan 2018-19"]
[Site "Sweden"]
[Date "2019.02.02"]
[Round "5"]
[White "Dragicevic, Drazen"]
[Black "Haubro, Martin"]
[Result "0-1"]
[WhiteElo "2339"]
[BlackElo "2344"]
[Annotator "NA RC"]
[PlyCount "79"]
[EventDate "2018.11.09"]
[EventType "team-tourn"]
[EventCountry "SWE"]
[SourceTitle "playchess.com"]
[Source "ChessBase"]
[SourceQuality "1"]
[TimeControl "40/5400+30:1800+30"]

{[%evp 9,51,12,22,12,6,-6,0,0,0,2,11,-12,0,0,32767,32767,32767,-12,-6,-13,-3,-8,-6,-14,-13,0,-7,-14,-18,-13,41,0,32767,32767,32767,13,32767,32767,32767,-9,-3,-11,-26,-28]} 1. e4 {[%emt 0:00:10]} e5 {[%emt 0:00:25]} 2. Nf3 {[%emt 0:00:20]} Nc6 {[%emt 0:00:05]} 3. Bc4 {[%emt 0:00:30]} Nf6 {[%emt 0:00:11]} 4. Nc3 {[%emt 0:01:38]} Bc5 {[%emt 0:08:02]} 5. d3 {[%emt 0:02:49]} a6 {[%emt 0:02:50] LiveBook: 76 Games} 6. a3 {[%emt 0:06:40]} d6 {[%emt 0:00:47]} 7. Be3 {[%emt 0:30:20]} Bxe3 {[%emt 0:06:32]} 8. fxe3 {[%emt 0:00:09]} O-O {[%emt 0:00:11]} 9. O-O {[%emt 0:01:53]} Ne7 {[%emt 0:02:48]} 10. Qe1 {[%emt 0:02:17]} c6 {[%emt 0:09:07]} 11. Bb3 {[%emt 0:06:19]} Qb6 {[%emt 0:05:35]} 12. Kh1 {[%emt 0:05:02]} Ng6 {[%emt 0:19:59]} 13. Ng5 {[%emt 0:01:14]} Qc7 {[%emt 0:05:24]} 14. Qg3 {[%emt 0:04:41]} h6 {[%emt 0:08:15]} 15. Nf3 {[%emt 0:16:15]} Kh7 {[%emt 0:03:39]} 16. Nh4 {[%emt 0:01:41]} Nxh4 {[%emt 0:01:09]} 17. Qxh4 {[%emt 0:00:03]} Qe7 {[%emt 0:01:22]} 18. Rf3 {[%emt 0:01:16]} Be6 {[%emt 0:02:47]} 19. Raf1 {[%emt 0:01:57]} Rg8 {[%emt 0:07:38]} 20. Ne2 {[%emt 0:01:49]} Bxb3 {[%emt 0:02:49]} 21. cxb3 {[%emt 0:00:08]} Qd7 {[%emt 0:00:04] [#]} 22. Rh3 {[%emt 0:04:10]} ({White should try} 22. Ng3 $1 $16 {[%cal Rg3f5]} Qg4 23. Qxg4 Nxg4 24. Kg1) 22... Qe6 {[%emt 0:04:19]} 23. Ng3 {[%emt 0:01:23]} Qg4 {[%emt 0:01:40]} 24. Nf5 {[%emt 0:01:49]} (24. Qxg4 $14 Nxg4 25. Nf5) 24... Qxh4 {[%emt 0:00:06]} 25. Rxh4 {[%emt 0:00:03]} Ne8 $1 {[%emt 0:00:28]} 26. g4 $11 {[%emt 0:03:11]} f6 {[%emt 0:02:34]} 27. Ne7 {[%emt 0:02:28]} Rh8 {[%emt 0:01:56]} 28. Nf5 {[%emt 0:00:08]} Rd8 {[%emt 0:00:51]} 29. Kg2 {[%emt 0:01:53]} Nc7 {[%emt 0:00:40]} 30. b4 {[%emt 0:01:27]} d5 {[%emt 0:00:56]} 31. exd5 {[%emt 0:01:00]} Rxd5 {[%emt 0:00:08]} 32. d4 {[%emt 0:00:19]} exd4 {[%emt 0:00:29]} 33. Nxd4 {[%emt 0:00:43]} Re8 {[%emt 0:00:39]} 34. Rh3 {[%emt 0:00:35]} Kg6 {[%emt 0:01:13]} 35. Rhf3 {[%emt 0:00:24]} Ne6 {[%emt 0:00:41]} 36. Nf5 {[%emt 0:00:27]} Ng5 {[%emt 0:00:28]} 37. Rf4 {[%emt 0:00:43]} Ne4 {[%emt 0:00:56]} 38. Nd4 {[%emt 0:00:30]} Nd2 {[%emt 0:00:34]} 39. Re1 {[%emt 0:00:32]} Nc4 {[%emt 0:00:31]} 40. Kf3 {[%emt 0:00:00]} 0-1

[Event "Elitserien Allsvenskan 2018-19"]
[Site "Sweden"]
[Date "2019.02.02"]
[Round "5"]
[White "Jogstad, Martin"]
[Black "Penalver, Osmani"]
[Result "1-0"]
[WhiteElo "2263"]
[BlackElo "2226"]
[Annotator "NA RC"]
[PlyCount "101"]
[EventDate "2018.11.09"]
[EventType "team-tourn"]
[EventCountry "SWE"]
[SourceTitle "playchess.com"]
[Source "ChessBase"]
[SourceQuality "1"]
[TimeControl "40/5400+30:1800+30"]

{[%evp 8,72,28,30,32767,32767,32767,32767,32767,12,19,32767,32767,36,56,48,54,30,90,87,97,95,103,32767,105,88,60,67,32767,105,303,122,277,203,32767,343,326,32767,32767,346,361,397,392,411,599,367,377,368,368,381,376,32767,388,388,417,431,445,32767,431,450,32767,444,474,32767,479,532,421]} 1. d4 {[%emt 0:00:00]} Nf6 {[%emt 0:00:00]} 2. c4 {[%emt 0:00:00]} e6 {[%emt 0:00:00]} 3. g3 {[%emt 0:00:02]} d5 {[%emt 0:00:35]} 4. Nf3 {[%emt 0:00:29]} dxc4 {[%emt 0:04:20]} 5. Bg2 {[%emt 0:00:46]} c5 {[%emt 0:00:37]} 6. O-O {[%emt 0:00:54]} Nc6 {[%emt 0:00:29]} 7. Qa4 {[%emt 0:04:09]} Qa5 {[%emt 0:10:17]} 8. Qxa5 {[%emt 0:04:21]} Nxa5 {[%emt 0:00:14]} 9. Ne5 {[%emt 0:15:34]} Nd7 {[%emt 0:04:42]} 10. Bd2 {[%emt 0:07:12]} Nxe5 {[%emt 0:00:15]} 11. dxe5 {[%emt 0:00:22]} Nc6 {[%emt 0:00:17]} 12. Na3 {[%emt 0:02:53]} Be7 {[%emt 0:03:05]} (12... Nxe5 $11 13. Rfd1 Be7) 13. Nxc4 {[%emt 0:05:37]} O-O {[%emt 0:01:47]} 14. Rfd1 {[%emt 0:09:08]} Rb8 {[%emt 0:10:19]} 15. Bc3 {[%emt 0:02:27]} Rd8 {[%emt 0:10:14]} 16. Rxd8+ {[%emt 0:01:37]} Nxd8 {[%emt 0:01:30]} 17. Rd1 {[%emt 0:01:41]} b5 {[%emt 0:02:51]} 18. Nd6 {[%emt 0:04:02]} Ba6 $2 {[%emt 0:00:54] [#]} (18... b4 $16) 19. b4 $2 {[%emt 0:02:27]} (19. Ba5 $1 $18 {is the precise move to win.}) 19... cxb4 {[%emt 0:05:15]} (19... Bxd6 $16 {keeps fighting.} 20. exd6 c4) 20. Bxb4 {[%emt 0:00:03]} Nb7 {[%emt 0:06:32]} 21. Rc1 {[%emt 0:05:35]} Nxd6 {[%emt 0:03:31]} 22. exd6 {[%emt 0:05:09]} Bd8 {[%emt 0:01:28]} 23. d7 {[%emt 0:05:54]} Bb6 {[%emt 0:00:47]} 24. Be7 {[%emt 0:05:33]} b4 {[%emt 0:02:59]} 25. Rc6 {[%emt 0:00:42]} f6 {[%emt 0:01:43]} (25... g6 $142 26. Kf1 Bd8 27. Bxd8 (27. Rxa6 Bxe7 28. Rxa7 Bd8 $16) 27... Rxd8 28. Rxa6 Rxd7) 26. Rxb6 {[%emt 0:03:37] Promotion} axb6 {[%emt 0:00:05]} 27. d8=Q+ {[%emt 0:00:18]} Rxd8 {[%emt 0:00:05]} 28. Bxd8 {[%emt 0:00:06]} Bc4 {[%emt 0:00:07]} 29. Bxb6 {[%emt 0:00:37]} Bxa2 {[%emt 0:00:04]} 30. Bc5 {[%emt 0:00:21]} Bc4 {[%emt 0:00:07]} 31. Kf1 {[%emt 0:00:57]} b3 {[%emt 0:00:12]} 32. Ba3 {[%emt 0:00:14]} Kf7 {[%emt 0:01:04]} 33. Ke1 {[%emt 0:00:10]} g5 {[%emt 0:04:24]} 34. Kd2 {[%emt 0:00:32]} f5 {[%emt 0:03:40]} 35. e3 {[%emt 0:00:26]} e5 {[%emt 0:00:45]} 36. Kc3 {[%emt 0:00:21]} Be6 $18 {[%emt 0:00:07]} 37. Bc6 {[%emt 0:00:06]} f4 {[%emt 0:00:38]} 38. exf4 {[%emt 0:00:12]} exf4 {[%emt 0:00:41]} 39. gxf4 {[%emt 0:00:05]} Kf6 {[%emt 0:01:22]} 40. fxg5+ {[%emt 0:01:01]} Kxg5 {[%emt 0:00:02]} 41. Ba4 {[%emt 0:31:30]} b2 {[%emt 0:31:05]} 42. Kxb2 {[%emt 0:00:21]} Kg4 {[%emt 0:00:08]} 43. Bd6 {[%emt 0:00:44]} Kh3 {[%emt 0:07:20]} 44. Be8 {[%emt 0:02:00]} Bg4 {[%emt 0:01:13]} 45. Kc3 {[%emt 0:00:16]} Kg2 {[%emt 0:00:20]} 46. Bg3 {[%emt 0:00:10]} h5 {[%emt 0:00:22]} 47. h4 {[%emt 0:00:05]} Kh3 {[%emt 0:02:59]} 48. Kd4 {[%emt 0:00:09]} Kg2 {[%emt 0:00:13]} 49. Ke5 {[%emt 0:00:04]} Kh3 {[%emt 0:00:11]} 50. Kf4 {[%emt 0:00:17]} Kg2 {[%emt 0:00:24]} 51. Kg5 {[%emt 0:00:12]} 1-0

[Event "Elitserien Allsvenskan 2018-19"]
[Site "Sweden"]
[Date "2019.02.02"]
[Round "5"]
[White "Eklund, Joel"]
[Black "Kucuksari, Kaan"]
[Result "1-0"]
[WhiteElo "2196"]
[BlackElo "2301"]
[Annotator "NA RC"]
[PlyCount "95"]
[EventDate "2018.11.09"]
[EventType "team-tourn"]
[EventCountry "SWE"]
[SourceTitle "playchess.com"]
[Source "ChessBase"]
[SourceQuality "1"]
[TimeControl "40/5400+30:1800+30"]

{[%evp 8,68,11,8,16,17,32767,20,27,19,32767,32767,32767,18,32767,11,29,35,42,36,32,37,30,32767,41,35,39,43,32767,54,83,79,65,65,32767,32767,64,75,77,62,66,66,54,47,65,60,86,32767,113,89,105,103,139,79,142,125,120,32767,32767,32767,32767,32767,116]} 1. d4 {[%emt 0:00:00]} Nf6 {[%emt 0:00:00]} 2. c4 {[%emt 0:02:14]} e6 {[%emt 0:00:00]} 3. Nc3 {[%emt 0:00:08]} d5 {[%emt 0:00:00]} 4. cxd5 {[%emt 0:00:31]} exd5 {[%emt 0:00:04]} 5. Bg5 {[%emt 0:00:12]} c6 {[%emt 0:00:06]} 6. e3 {[%emt 0:01:25]} Be7 {[%emt 0:00:43]} 7. Bd3 {[%emt 0:00:12]} Nbd7 {[%emt 0:00:12]} 8. Qc2 {[%emt 0:00:37]} O-O {[%emt 0:01:56]} 9. Nf3 {[%emt 0:00:39]} Re8 {[%emt 0:00:05]} 10. O-O {[%emt 0:06:31]} Nf8 {[%emt 0:01:11]} 11. Rab1 {[%emt 0:04:48]} a5 {[%emt 0:00:08]} 12. a3 {[%emt 0:00:29]} Be6 {[%emt 0:05:04]} 13. b4 {[%emt 0:00:15]} axb4 {[%emt 0:01:04]} 14. axb4 {[%emt 0:00:06]} N6d7 {[%emt 0:00:06] LiveBook: 9 Games} 15. Bxe7 {[%emt 0:01:41]} Qxe7 {[%emt 0:00:36]} 16. b5 {[%emt 0:01:02]} Rec8 {[%emt 0:01:18]} 17. bxc6 {[%emt 0:01:29]} bxc6 {[%emt 0:00:14]} 18. Na4 {[%emt 0:08:11]} f6 {[%emt 0:08:32]} 19. Rfc1 {[%emt 0:00:33]} Bf7 {[%emt 0:02:00]} 20. h3 {[%emt 0:09:17]} Rc7 {[%emt 0:09:43]} 21. Nb6 {[%emt 0:07:56]} Nxb6 {[%emt 0:04:22]} 22. Rxb6 {[%emt 0:00:11]} Be8 {[%emt 0:09:59]} 23. Nd2 {[%emt 0:13:09]} Rca7 {[%emt 0:08:55]} 24. Rcb1 {[%emt 0:02:40]} Ra2 {[%emt 0:03:32]} 25. R1b2 {[%emt 0:01:56]} Ra1+ {[%emt 0:01:45]} 26. Kh2 {[%emt 0:03:04]} Rc8 {[%emt 0:09:25]} 27. g3 {[%emt 0:03:40]} Bd7 {[%emt 0:03:16]} 28. Nb3 {[%emt 0:01:19]} Ra7 {[%emt 0:01:20]} 29. Nc5 {[%emt 0:00:34]} Be8 {[%emt 0:00:33]} 30. Kg2 {[%emt 0:11:41]} Bg6 {[%emt 0:02:02]} (30... g6 $142) 31. Bxg6 {[%emt 0:01:59]} hxg6 {[%emt 0:00:21]} 32. h4 {[%emt 0:01:14]} Qe8 {[%emt 0:06:46]} 33. Kh2 {[%emt 0:01:16]} Rf7 {[%emt 0:04:01]} 34. Nb7 {[%emt 0:06:43]} Rd7 $16 {[%emt 0:06:42]} ({Black should try} 34... Qe6 $14) 35. R2b3 {[%emt 0:02:19]} g5 {[%emt 0:05:21]} 36. hxg5 {[%emt 0:01:52]} Ne6 {[%emt 0:05:48]} 37. g6 {[%emt 0:04:49]} Ng5 {[%emt 0:00:40]} 38. Qf5 {[%emt 0:01:01]} Qe7 {[%emt 0:00:35]} 39. f4 {[%emt 0:01:11]} Nf3+ {[%emt 0:00:24]} 40. Kg2 {[%emt 0:00:32]} Nd2 {[%emt 0:00:01]} 41. Rd3 {[%emt 0:30:20]} Nc4 {[%emt 0:03:59]} 42. Qh5 {[%emt 0:00:00]} Qe4+ {[%emt 0:04:42]} 43. Kf2 {[%emt 0:00:00]} Nxb6 {[%emt 0:01:09]} 44. Qh7+ {[%emt 0:00:00]} Kf8 {[%emt 0:00:06]} 45. Qh8+ {[%emt 0:00:00]} Ke7 {[%emt 0:00:01]} 46. Qxg7+ {[%emt 0:00:00]} Ke6 {[%emt 0:00:01]} 47. Nc5+ {[%emt 0:00:00]} Kf5 {[%emt 0:00:52]} 48. Qh6 {[%emt 0:00:13]} 1-0